Judhūr al-sindiyānah al-ḥamrāʾ : ḥikāyat nushūʾ al-Ḥizb al-Shuyūʻī al-Lubnānī, 1924-1931 /
Saved in:
| Main Author: | |
|---|---|
| Format: | Book |
| Language: | Arabic |
| Published: |
Bayrūt :
Dār al-Farābī,
1974.
|
| Subjects: | |
| Tags: |
Add Tag
No Tags, Be the first to tag this record!
|
| LEADER | 00724nam a2200229Ia 4500 | ||
|---|---|---|---|
| 001 | 006445878-4 | ||
| 005 | 20020606163548.3 | ||
| 008 | 830517s1974 le b 001 0 arar | ||
| 010 | |a 78970069 | ||
| 035 | 0 | |a ocm09517040 | |
| 040 | |a DLC |c IUL |d HLS | ||
| 050 | |a JQ1825.L472 |b S52 | ||
| 100 | 1 | |a Dakrūb, Muḥammad. | |
| 245 | 1 | 0 | |a Judhūr al-sindiyānah al-ḥamrāʾ : |b ḥikāyat nushūʾ al-Ḥizb al-Shuyūʻī al-Lubnānī, 1924-1931 / |c Muḥammad Dakrūb. |
| 260 | |a Bayrūt : |b Dār al-Farābī, |c 1974. | ||
| 300 | |a 567 p. ; |c 20 cm. | ||
| 504 | |a Bibliography: p. 545-547. | ||
| 504 | |a Includes index. | ||
| 610 | 2 | 0 | |a Ḥizb al-Shuyūʻī al-Lubnānī. |
| 752 | |a Lebanon |d Beirut. | ||
| 988 | |a 20020608 | ||
| 906 | |0 DLC | ||


